[Event "KGZ-ch"]
[Site "Bishkek"]
[Date "2012.04.10"]
[Round "10"]
[White "Ilinsky, Vladimir"]
[Black "Umarbekov, Aziz"]
[Result "1/2-1/2"]
[WhiteElo "2291"]
[BlackElo "2247"]
[PlyCount "70"]
[EventDate "2012.04.01"]
[EventType "swiss"]
[EventRounds "11"]
[EventCountry "KGZ"]
[SourceTitle "EXT 2013"]
[Source "ChessBase"]
[SourceDate "2012.11.22"]
[SourceVersion "1"]
[SourceVersionDate "2012.11.22"]
[SourceQuality "1"]

1. Nf3 Nf6 2. c4 g6 3. Nc3 Bg7 4. e4 d6 5. d4 0-0 6. Be2 Nbd7 7. 0-0 e5 8. d5 Nc5 9. Qc2 a5 10. Bg5 h6 11. Be3 Nfd7 12. Nd2 f5 13. f3 fxe4 14. Ndxe4 Nxe4 15. Nxe4 b6 16. Bd3 Qe8 17. Rab1 Nf6 18. g4 Nxe4 19. Bxe4 Rf6 20. Kg2 Bd7 21. h3 Qf7 22. b3 Rf8 23. Rf2 Ra8 24. Qd2 Rf4 25. Rh1 Rf8 26. Bxf4 exf4 27. Qd3 Be8 28. h4 Qf6 29. Qb1 Bf7 30. g5 hxg5 31. hxg5 Qxg5+ 32. Kf1 Re8 33. Rg2 Qe5 34. Re2 Qc3 35. Qe1 Qf6 1/2-1/2

[Event "KGZ-ch"]
[Site "Bishkek"]
[Date "2012.04.07"]
[Round "7"]
[White "Vilinsky, Vladimir"]
[Black "Ilinsky, Vladimir"]
[Result "0-1"]
[WhiteElo "2070"]
[BlackElo "2291"]
[PlyCount "102"]
[EventDate "2012.04.01"]
[EventType "swiss"]
[EventRounds "11"]
[EventCountry "KGZ"]
[SourceTitle "EXT 2013"]
[Source "ChessBase"]
[SourceDate "2012.11.22"]
[SourceVersion "1"]
[SourceVersionDate "2012.11.22"]
[SourceQuality "1"]

1. e4 c5 2. Nf3 Nc6 3. d3 e6 4. g3 d5 5. Nbd2 Nf6 6. Bg2 Be7 7. 0-0 0-0 8. Re1 Qc7 9. e5 Nd7 10. Qe2 b5 11. h4 a5 12. Nf1 b4 13. Bf4 Ba6 14. N1h2 a4 15. Ng5 Nd4 16. Qh5 Bxg5 17. hxg5 Nxc2 18. Bf1 Rfc8 19. Rac1 Nd4 20. Kg2 Bb7 21. Ng4 Qd8 22. Nh2 Nf8 23. Be3 Nf5 24. Bxc5 d4+ 25. Kh3 Ng6 26. Bxb4 Rxc1 27. Rxc1 Nxe5 28. Rc5 Ng6 29. Bg2 Bxg2+ 30. Kxg2 Rc8 31. Ra5 Ra8 32. Rxa8 Qxa8+ 33. Kg1 Ne5 34. Qd1 Qa6 35. Qc2 Nxd3 36. Qc7 Qa8 37. Ba3 h5 38. gxh6 Nxh6 39. Qc4 Qe4 40. Qxa4 Qe1+ 41. Kg2 Qxf2+ 42. Kh3 Qf5+ 43. Kg2 Qe4+ 44. Kg1 Nf5 45. Nf1 Ne3 46. Nxe3 Qxe3+ 47. Kg2 Qe2+ 48. Kh3 Nf2+ 49. Kg2 Ne4+ 50. Kh3 Qf1+ 51. Kh4 g5+ 0-1

[Event "KGZ-ch"]
[Site "Bishkek"]
[Date "2012.04.06"]
[Round "6"]
[White "Ilinsky, Vladimir"]
[Black "Abdyjapar, Asyl"]
[Result "1/2-1/2"]
[WhiteElo "2291"]
[BlackElo "2342"]
[PlyCount "79"]
[EventDate "2012.04.01"]
[EventType "swiss"]
[EventRounds "11"]
[EventCountry "KGZ"]
[SourceTitle "EXT 2013"]
[Source "ChessBase"]
[SourceDate "2012.11.22"]
[SourceVersion "1"]
[SourceVersionDate "2012.11.22"]
[SourceQuality "1"]

1. Nf3 Nf6 2. g3 b6 3. Bg2 Bb7 4. 0-0 e6 5. d3 d5 6. Nbd2 Be7 7. e4 c5 8. Re1 Nc6 9. e5 Nd7 10. Nf1 g5 11. h3 h5 12. c3 g4 13. hxg4 hxg4 14. N3h2 Ncxe5 15. Nxg4 Nxg4 16. Qxg4 Nf6 17. Qf3 Qd7 18. Bg5 Nh7 19. Bf4 0-0-0 20. d4 Ng5 21. Bxg5 Bxg5 22. Qe2 Rh6 23. Nh2 Rdh8 24. Ng4 R6h7 25. b4 cxd4 26. cxd4 Qd6 27. b5 Kb8 28. a4 Rc8 29. a5 bxa5 30. Ne5 Bd8 31. Rec1 Rxc1+ 32. Rxc1 Qa3 33. Rb1 Qe7 34. Nc6+ Bxc6 35. bxc6+ Bb6 36. Bxd5 Qc7 37. Bg2 Rh8 38. Qa6 Rd8 39. Qxa5 Rxd4 40. Qc3 1/2-1/2

[Event "KGZ-ch"]
[Site "Bishkek"]
[Date "2012.04.04"]
[Round "4"]
[White "Takyrbashev, Bolot"]
[Black "Ilinsky, Vladimir"]
[Result "0-1"]
[WhiteElo "2142"]
[BlackElo "2291"]
[PlyCount "80"]
[EventDate "2012.04.01"]
[EventType "swiss"]
[EventRounds "11"]
[EventCountry "KGZ"]
[SourceTitle "EXT 2013"]
[Source "ChessBase"]
[SourceDate "2012.11.22"]
[SourceVersion "1"]
[SourceVersionDate "2012.11.22"]
[SourceQuality "1"]

1. e4 e5 2. Nf3 Nc6 3. Bc4 Bc5 4. b4 Bxb4 5. c3 Ba5 6. d4 d6 7. Qb3 Qd7 8. 0-0 Bb6 9. Nbd2 Na5 10. Qa3 Nf6 11. Bd3 0-0 12. dxe5 Ng4 13. exd6 cxd6 14. c4 Nc6 15. Bb2 Qe7 16. Rae1 Nge5 17. Bb1 Bc5 18. Qc3 Be6 19. a3 f6 20. h3 Rac8 21. Rd1 Kh8 22. Bd3 Nxd3 23. Qxd3 Ne5 24. Bxe5 dxe5 25. a4 Rfd8 26. Qb3 Qf7 27. Kh2 b6 28. Nh4 g6 29. Nhf3 Bf8 30. Rc1 Rc5 31. Rc2 Rdc8 32. Rfc1 Kg8 33. Ne1 Bh6 34. Nd3 R5c7 35. Nb2 Rd8 36. Qc3 Rcd7 37. Nd1 Rd4 38. a5 Qd7 39. axb6 axb6 40. Qb3 Bxd2 0-1

[Event "KGZ-ch"]
[Site "Bishkek"]
[Date "2012.04.03"]
[Round "3"]
[White "Ilinsky, Vladimir"]
[Black "Esenbek Uulu, Ilimbek"]
[Result "1/2-1/2"]
[WhiteElo "2291"]
[BlackElo "2098"]
[PlyCount "73"]
[EventDate "2012.04.01"]
[EventType "swiss"]
[EventRounds "11"]
[EventCountry "KGZ"]
[SourceTitle "EXT 2013"]
[Source "ChessBase"]
[SourceDate "2012.11.22"]
[SourceVersion "1"]
[SourceVersionDate "2012.11.22"]
[SourceQuality "1"]

1. d4 Nf6 2. Nf3 d5 3. c4 c6 4. Nc3 dxc4 5. e3 b5 6. a4 b4 7. Na2 e6 8. Bxc4 Nbd7 9. 0-0 a5 10. Qe2 Be7 11. Rd1 Qb6 12. e4 Ba6 13. b3 0-0 14. Bb2 Rfe8 15. Nc1 Bf8 16. Nd3 h6 17. Rac1 Bb7 18. Nfe5 Red8 19. Nf4 Nxe5 20. dxe5 Ne8 21. Qg4 c5 22. Qe2 Nc7 23. Nh5 Qc6 24. Qg4 Kh8 25. f3 Ne8 26. Qf4 Kg8 27. Qg4 Kh8 28. Bb5 Qb6 29. Bxe8 Rxd1+ 30. Rxd1 Rxe8 31. Kh1 Qc7 32. h4 Bc8 33. Qf4 Kg8 34. Qg4 Kh7 35. Qf4 Kg8 36. Qg4 Kh7 37. Qf4 1/2-1/2

[Event "KGZ-ch"]
[Site "Bishkek"]
[Date "2009.??.??"]
[Round "7"]
[White "Davletbakov, Saddam"]
[Black "Ilinsky, Vladimir"]
[Result "1/2-1/2"]
[WhiteElo "2175"]
[BlackElo "2315"]
[PlyCount "80"]
[EventDate "2009.05.13"]
[EventType "swiss"]
[EventRounds "11"]
[EventCountry "KGZ"]
[SourceTitle "EXT 2014"]
[Source "ChessBase"]
[SourceDate "2013.11.20"]
[SourceVersion "1"]
[SourceVersionDate "2013.11.20"]
[SourceQuality "1"]

1. e4 e5 2. Nf3 Nc6 3. Bb5 a6 4. Ba4 Nf6 5. 0-0 Be7 6. Re1 b5 7. Bb3 d6 8. c3 0-0 9. h3 Na5 10. Bc2 c5 11. d4 Qc7 12. Nbd2 Nc6 13. d5 Na5 14. b3 Nb7 15. Nf1 Bd7 16. Ng3 c4 17. b4 a5 18. Re3 Ra6 19. Bd2 Rfa8 20. a3 g6 21. Nh2 Bf8 22. Rf3 Bg7 23. Bg5 Ne8 24. Ng4 Bxg4 25. hxg4 Qd7 26. Qc1 f6 27. Bh6 Bxh6 28. Qxh6 Nd8 29. Qh4 Nf7 30. Nf1 Ng5 31. Re3 Qg7 32. Nd2 Nf7 33. a4 axb4 34. cxb4 Qh6 35. Qg3 Qf4 36. a5 Qxg3 37. Rxg3 Nc7 38. Nb1 R6a7 39. Nc3 Rb8 40. Rb1 Kg7 1/2-1/2

[Event "Olympiad-36"]
[Site "Mallorca"]
[Date "2004.10.26"]
[Round "11"]
[White "Sammalvuo, Tapani"]
[Black "Ilinsky, Vladimir"]
[Result "0-1"]
[WhiteElo "2438"]
[BlackElo "2331"]
[PlyCount "74"]
[EventDate "2004.10.15"]
[EventType "team-swiss"]
[EventRounds "14"]
[EventCountry "ESP"]
[SourceTitle "CBM 104"]
[Source "ChessBase"]
[SourceDate "2005.01.27"]
[SourceVersion "1"]
[SourceVersionDate "2005.01.27"]
[SourceQuality "1"]
[WhiteTeam "Finland"]
[BlackTeam "Kyrgyzstan"]
[WhiteTeamCountry "FIN"]
[BlackTeamCountry "KGZ"]

1. e4 e5 2. Nf3 Nc6 3. Bb5 a6 4. Ba4 Nf6 5. 0-0 Be7 6. Re1 b5 7. Bb3 d6 8. c3 0-0 9. h3 Na5 10. Bc2 c5 11. d4 Qc7 12. Nbd2 Bd7 13. Nf1 Nc4 14. Ng3 g6 15. b3 Nb6 16. Bh6 Rfe8 17. d5 c4 18. b4 a5 19. a3 Ra7 20. Rc1 axb4 21. axb4 Rea8 22. Ng5 Bf8 23. Bxf8 Rxf8 24. f4 exf4 25. Qf3 fxg3 26. Qxf6 Bc8 27. Ra1 Nd7 28. Qd4 Rxa1 29. Rxa1 Ne5 30. Qe3 h6 31. Nf3 Nxf3+ 32. Qxf3 Qb6+ 33. Kh1 Qf2 34. Qxf2 gxf2 35. Rf1 f5 36. Rxf2 fxe4 37. Kg1 Bf5 0-1

[Event "Olympiad-36"]
[Site "Mallorca"]
[Date "2004.10.24"]
[Round "9"]
[White "Johansen, Darryl Keith"]
[Black "Ilinsky, Vladimir"]
[Result "1/2-1/2"]
[WhiteElo "2483"]
[BlackElo "2331"]
[PlyCount "88"]
[EventDate "2004.10.15"]
[EventType "team-swiss"]
[EventRounds "14"]
[EventCountry "ESP"]
[SourceTitle "CBM 104"]
[Source "ChessBase"]
[SourceDate "2005.01.27"]
[SourceVersion "1"]
[SourceVersionDate "2005.01.27"]
[SourceQuality "1"]
[WhiteTeam "Australia"]
[BlackTeam "Kyrgyzstan"]
[WhiteTeamCountry "AUS"]
[BlackTeamCountry "KGZ"]

1. c4 c5 2. Nf3 Nc6 3. d4 cxd4 4. Nxd4 g6 5. e4 Bg7 6. Nc2 Nf6 7. Nc3 0-0 8. Be2 d6 9. 0-0 Nd7 10. Bd2 Nc5 11. b4 Bxc3 12. Bxc3 Nxe4 13. Bb2 Nf6 14. Qd2 Be6 15. Rad1 Qb6 16. Qc3 a5 17. b5 Nb4 18. Nd4 Nxa2 19. Qd2 Nb4 20. Qh6 Qc5 21. g4 Bd7 22. Nb3 Qc8 23. Rxd6 Ne8 24. Rxd7 Qxd7 25. Nc5 Qc8 26. Ne4 f6 27. Re1 e5 28. c5 Qe6 29. Rd1 Rf7 30. g5 Qb3 31. gxf6 Qc2 32. Qe3 Nxf6 33. Nxf6+ Rxf6 34. Qxe5 Raf8 35. Rc1 Qf5 36. Bc4+ Kg7 37. Qxf5 gxf5 38. Ra1 Rc8 39. Rxa5 Rxc5 40. Bf1 Kg6 41. Bxf6 Kxf6 42. Ra7 Rc7 43. b6 Rg7+ 44. Bg2 Nd5 1/2-1/2

[Event "Olympiad-36"]
[Site "Mallorca"]
[Date "2004.10.22"]
[Round "7"]
[White "Ilinsky, Vladimir"]
[Black "Cordova, Emilio"]
[Result "1/2-1/2"]
[WhiteElo "2331"]
[BlackElo "2347"]
[PlyCount "143"]
[EventDate "2004.10.15"]
[EventType "team-swiss"]
[EventRounds "14"]
[EventCountry "ESP"]
[SourceTitle "CBM 104"]
[Source "ChessBase"]
[SourceDate "2005.01.27"]
[SourceVersion "1"]
[SourceVersionDate "2005.01.27"]
[SourceQuality "1"]
[WhiteTeam "Kyrgyzstan"]
[BlackTeam "Peru"]
[WhiteTeamCountry "KGZ"]
[BlackTeamCountry "PER"]

1. Nf3 Nf6 2. c4 e6 3. g3 b6 4. Bg2 Bb7 5. 0-0 c5 6. b3 Be7 7. Bb2 0-0 8. Nc3 d5 9. e3 Nc6 10. d3 Re8 11. Qe2 Rc8 12. Rfd1 Qc7 13. Rac1 Qb8 14. cxd5 exd5 15. d4 cxd4 16. exd4 Bd6 17. Qd3 a6 18. Qb1 b5 19. Nh4 Ne7 20. Nf5 Nxf5 21. Qxf5 Qa8 22. Re1 Bc6 23. Rxe8+ Rxe8 24. Qf3 Ne4 25. Nxe4 dxe4 26. Qc3 Bd5 27. Rc2 f5 28. Bc1 b4 29. Qb2 Qb8 30. Be3 h6 31. Qc1 Kh7 32. Bh3 Kg6 33. Bf1 Rf8 34. Bf4 Bxf4 35. Qxf4 Qxf4 36. gxf4 Rf6 37. Rc5 Rd6 38. Bxa6 Rxa6 39. Rxd5 Rxa2 40. Rb5 Rb2 41. Rxb4 Kh5 42. Rb7 g5 43. fxg5 hxg5 44. h3 g4 45. hxg4+ Kxg4 46. Rg7+ Kf4 47. d5 Rd2 48. Kf1 Rxd5 49. Ke2 Ra5 50. Rg3 Ra2+ 51. Kf1 Rb2 52. Rc3 Kg4 53. Rg3+ Kh4 54. Rg8 Rxb3 55. Kg2 Rb2 56. Rh8+ Kg4 57. Rg8+ Kf4 58. Rg3 Rb1 59. Ra3 Rd1 60. Rb3 Rd3 61. Rb8 Rd7 62. Ra8 Rg7+ 63. Kf1 Kg4 64. Ke2 Kf4 65. Kf1 Rg6 66. Rb8 Kg4 67. Ke2 f4 68. f3+ Kg3 69. fxe4 f3+ 70. Ke3 Kg2 71. Rb2+ Kg3 72. Rb8 1/2-1/2

[Event "Olympiad-36"]
[Site "Mallorca"]
[Date "2004.10.15"]
[Round "1"]
[White "Valdes Romero, Leonardo"]
[Black "Ilinsky, Vladimir"]
[Result "1-0"]
[WhiteElo "2372"]
[BlackElo "2331"]
[PlyCount "83"]
[EventDate "2004.10.15"]
[EventType "team-swiss"]
[EventRounds "14"]
[EventCountry "ESP"]
[SourceTitle "CBM 104"]
[Source "ChessBase"]
[SourceDate "2005.01.27"]
[SourceVersion "1"]
[SourceVersionDate "2005.01.27"]
[SourceQuality "1"]
[WhiteTeam "Costa Rica"]
[BlackTeam "Kyrgyzstan"]
[WhiteTeamCountry "CRI"]
[BlackTeamCountry "KGZ"]

1. Nf3 d5 2. c4 dxc4 3. Na3 c5 4. Nxc4 Nc6 5. g3 Nf6 6. Bg2 e6 7. b3 Be7 8. Bb2 0-0 9. 0-0 Nd5 10. d4 cxd4 11. Nxd4 Bd7 12. e4 Nf6 13. Qe2 Nxd4 14. Bxd4 Bb5 15. Rfd1 Qc7 16. Rac1 e5 17. Bb2 Rad8 18. h3 Rxd1+ 19. Qxd1 Rd8 20. Qe1 Bxc4 21. Rxc4 Qb8 22. Rc1 Nd7 23. Bf1 Nc5 24. Rd1 Rxd1 25. Qxd1 Nxe4 26. Qd7 Qd6 27. Qxb7 Qd2 28. Qxe4 Qxb2 29. Qa8+ Bf8 30. Qxa7 Qb1 31. Kg2 Qe4+ 32. Kh2 h5 33. h4 Qf3 34. Bg2 Qf5 35. a4 g5 36. hxg5 h4 37. Qe3 hxg3+ 38. Qxg3 e4 39. Kg1 Bc5 40. g6 fxg6 41. b4 Bxb4 42. Qb3+ 1-0

[Event "Olympiad-33"]
[Site "Elista"]
[Date "1998.10.04"]
[Round "6.4"]
[White "Ilinsky, Vladimir"]
[Black "Wagener, Claude"]
[Result "1-0"]
[WhiteElo "2335"]
[BlackElo "2200"]
[PlyCount "83"]
[EventDate "1998.09.29"]
[EventType "team-swiss"]
[EventRounds "13"]
[EventCountry "RUS"]
[SourceTitle "CBM 068"]
[Source "ChessBase"]
[SourceDate "1999.02.01"]
[SourceVersion "1"]
[SourceVersionDate "1999.02.01"]
[SourceQuality "1"]
[WhiteTeam "Kyrgyzstan"]
[BlackTeam "Luxembourg"]
[WhiteTeamCountry "KGZ"]
[BlackTeamCountry "LUX"]

1. Nf3 Nf6 2. c4 g6 3. Nc3 d5 4. d4 Bg7 5. e3 0-0 6. Be2 dxc4 7. Bxc4 Nc6 8. 0-0 a6 9. h3 Nd7 10. a3 Nb6 11. Ba2 e5 12. d5 Ne7 13. e4 Qd6 14. Be3 h6 15. Nd2 Kh7 16. Qb3 Nd7 17. Nc4 Qf6 18. Qd1 Rd8 19. d6 cxd6 20. Qxd6 b5 21. Qxf6 Nxf6 22. Nb6 Rb8 23. Bxf7 Bb7 24. f3 Rd3 25. Bc5 Nc6 26. Rfd1 Rbd8 27. Rxd3 Rxd3 28. Rd1 Rxd1+ 29. Nxd1 Nh5 30. Nf2 Nf4 31. Kf1 Nd4 32. Bxd4 exd4 33. g3 Nh5 34. Kg2 Bf8 35. Bd5 Bxd5 36. Nxd5 Bd6 37. f4 g5 38. Kf3 gxf4 39. gxf4 Kg6 40. e5 Bb8 41. Kg4 Ng7 42. f5+ 1-0

[Event "Olympiad-33"]
[Site "Elista"]
[Date "1998.10.03"]
[Round "5.4"]
[White "Janjgava, Lasha"]
[Black "Ilinsky, Vladimir"]
[Result "1-0"]
[WhiteElo "2490"]
[BlackElo "2335"]
[PlyCount "53"]
[EventDate "1998.09.29"]
[EventType "team-swiss"]
[EventRounds "13"]
[EventCountry "RUS"]
[SourceTitle "CBM 068"]
[Source "ChessBase"]
[SourceDate "1999.02.01"]
[SourceVersion "1"]
[SourceVersionDate "1999.02.01"]
[SourceQuality "1"]
[WhiteTeam "Georgia"]
[BlackTeam "Kyrgyzstan"]
[WhiteTeamCountry "GEO"]
[BlackTeamCountry "KGZ"]

1. d4 d5 2. c4 c6 3. Nf3 Nf6 4. e3 g6 5. Nc3 Bg7 6. Be2 0-0 7. 0-0 e6 8. a4 c5 9. dxc5 dxc4 10. Bxc4 Na6 11. Qe2 Nxc5 12. e4 a5 13. Rd1 Qe7 14. e5 Nfd7 15. Bg5 f6 16. exf6 Nxf6 17. Nd5 Nxd5 18. Bxe7 Nxe7 19. Ng5 Nd5 20. Nxe6 Bxe6 21. Bxd5 Bxd5 22. Rxd5 b6 23. Rd6 Rae8 24. Qc4+ Kh8 25. Rxb6 Ne4 26. Re6 Rxe6 27. Qxe6 1-0

[Event "Olympiad-33"]
[Site "Elista"]
[Date "1998.10.01"]
[Round "3.3"]
[White "Ilinsky, Vladimir"]
[Black "Konopka, Michal"]
[Result "1/2-1/2"]
[WhiteElo "2335"]
[BlackElo "2465"]
[PlyCount "66"]
[EventDate "1998.09.29"]
[EventType "team-swiss"]
[EventRounds "13"]
[EventCountry "RUS"]
[SourceTitle "CBM 068"]
[Source "ChessBase"]
[SourceDate "1999.02.01"]
[SourceVersion "1"]
[SourceVersionDate "1999.02.01"]
[SourceQuality "1"]
[WhiteTeam "Kyrgyzstan"]
[BlackTeam "Czech Republic"]
[WhiteTeamCountry "KGZ"]
[BlackTeamCountry "CZE"]

1. d4 Nf6 2. c4 g6 3. Nc3 d5 4. Nf3 Bg7 5. e3 0-0 6. cxd5 Nxd5 7. Bc4 Nxc3 8. bxc3 c5 9. 0-0 Qc7 10. Nd2 Nd7 11. Qe2 b6 12. Bb2 Bb7 13. Rac1 e6 14. e4 e5 15. d5 Nf6 16. Bd3 Ne8 17. c4 Nd6 18. f4 f6 19. fxe5 fxe5 20. Rxf8+ Rxf8 21. Rf1 Qe7 22. Rxf8+ Qxf8 23. Nf3 Qe8 24. Qc2 Bc8 25. h3 Bd7 26. Bc3 Nf7 27. Qb2 Qb8 28. Be2 Bf6 29. Kf1 h5 30. Bd3 Kh7 31. Qf2 Qe8 32. Qb2 Qe7 33. Kg1 Kg7 1/2-1/2

[Event "Bishkek zt"]
[Site "Bishkek"]
[Date "1993.??.??"]
[Round "?"]
[White "Ilinsky, Vladimir"]
[Black "Vahidov, Tair"]
[Result "1/2-1/2"]
[WhiteElo "2355"]
[BlackElo "2455"]
[PlyCount "69"]
[EventDate "1993.??.??"]
[EventType "tourn"]
[EventRounds "13"]
[EventCountry "KGZ"]
[EventCategory "7"]
[SourceTitle "CBM 035"]
[Source "ChessBase"]
[SourceDate "1993.08.01"]
[SourceVersion "1"]
[SourceVersionDate "1993.08.01"]
[SourceQuality "1"]

1. d4 Nf6 2. c4 g6 3. Nc3 d5 4. Nf3 Bg7 5. e3 0-0 6. cxd5 Nxd5 7. Bc4 Nxc3 8. bxc3 c5 9. 0-0 Nc6 10. Ba3 Na5 11. Bd3 b6 12. Qe2 Qc7 13. Nd2 Rd8 14. Ne4 Bb7 15. f3 Qd7 16. Rfd1 h6 17. dxc5 Qe6 18. Bb4 Bd5 19. Nf2 Nc6 20. Ba3 Ne5 21. cxb6 axb6 22. Bb2 Nc4 23. e4 Nxb2 24. Qxb2 Bxa2 25. Rd2 Bb3 26. Rxa8 Rxa8 27. Bc2 Bc4 28. Bd3 b5 29. f4 Qf6 30. Bxc4 bxc4 31. g3 Qxc3 32. Qxc3 Bxc3 33. Rc2 Be1 34. Rxc4 Ra1 35. Rc2 1/2-1/2